| 000 | 00884nam a22002537a 4500 | ||
|---|---|---|---|
| 999 |
_c5636 _d5636 |
||
| 003 | AR-CdUCM | ||
| 008 | 190313b ||||| |||| 00| 0 spa d | ||
| 020 | _a92-3-302103-3 | ||
| 040 |
_aMUNICIPALIDAD PROVINCIAL DEL CUSCO _cBIBLIOTECA MUNICIPAL DEL CUSCO |
||
| 082 |
_a987.041 / _bUN57 |
||
| 110 |
_aOrganización de las naciones unidas para la educación, la ciencia y la cultura _916838 |
||
| 245 |
_aSimón Bolivar : _bLa esperanza del universo / |
||
| 260 |
_aParís : _bUNESCO, _c1983. |
||
| 300 |
_a308 paginas ; _c25 cm. |
||
| 500 | _aDedicatoria | ||
| 505 | _aExplicación bibliográfica -- Antología -- Cronología -- Glosario geográfico ... | ||
| 650 |
_aBibliografía _91484 |
||
| 650 |
_aAntologia _9142 |
||
| 650 |
_aPersonaje histórico _916839 |
||
| 650 |
_aCronología _963 |
||
| 700 |
_aSalcedo Bastardo, J. M. _916840 |
||
| 942 |
_2ddc _cLIBROS |
||
| 945 | _aacv | ||